000 00302nam a22001337a 4500
008 170202b xxu||||| |||| 00| 0 eng d
020 _a0721691145
041 _aeng
080 _a61
100 _a3
101 _aSHM
245 _aAN INTRODUCTION TO THE PRINCIPLES OF DIEASE
_cWALTER
942 _2udc
_cBK
999 _c4292
_d4292